Sabrina Carpenter - Paroles We Almost Broke Up Again Last Night - Statistiques

Statistiques générales
  • Ce quiz a été pris 26 fois
  • Le résultat moyen est 247 sur 287
Statistiques - réponses
Hint Réponse % Correct
woah
100%
a
95%
again
95%
again,
95%
almost
95%
almost)
95%
broke
95%
how
95%
I
95%
"I
95%
it
95%
La
95%
la
95%
la,
95%
that
95%
the
95%
up
95%
up,
95%
We
95%
we
95%
Post-refrain (We
95%
Refrain All
90%
all
90%
and
90%
Couplet 2 And
90%
be
90%
Been
90%
been
90%
friends
90%
he
90%
hear
90%
here
90%
is
90%
Is
90%
it's
90%
itself,"
90%
last
90%
love
90%
me
90%
night
90%
of
90%
oh
90%
oh,
90%
our
90%
repeats
90%
so
90%
that's
90%
That's
90%
then
90%
Then
90%
to
90%
Bridge You
90%
yous"
90%
alarm
85%
Couplet 1 "Bullshit
85%
Called
85%
1000
85%
false
85%
had
85%
his
85%
"I'm
85%
I'm
85%
said
85%
said)
85%
said,
85%
sex
85%
sorrys"
85%
("Sorrys"
85%
times,
85%
were
85%
we're
85%
"Yeah,
85%
Yeah,
85%
goes?
80%
him
80%
know
80%
know"
80%
made
80%
predictable
80%
right
80%
say
80%
what
80%
before
75%
Big
75%
boys
75%
deal,
75%
eyes,
75%
fucking
75%
head
75%
in
75%
memory
75%
my
75%
no
75%
other
75%
sees
75%
selective
75%
sweet
75%
though
75%
tomorrow
75%
treats
75%
we'll
75%
we've
75%
amends,
70%
apart
70%
driftin'
70%
Gave
70%
gave
70%
heart
70%
talk
70%
tell
70%
them
70%
we'll
70%
whole
70%
about
65%
close)
65%
compete
65%
give
65%
(Got
65%
looks,
65%
out
65%
saying
65%
something
65%
sounds
65%
starts
65%
when
65%
working
65%
plug
60%
pull
60%
reach
60%
tone
60%
days
55%
Least
55%
little
55%
much
55%
on
55%
swear,
50%
'em
45%
Aucun quiz correspondant
Distribution des résultats
% des personnes avec chaque résultat
Percentile par nombre de réponses
Votre historique - résultats
Vous n’avez pas pris ce quiz